000 00509nam a22001811a 4500
001 3887
003 OSt
005 20260204211907.0
008 050406s1981||||dr ||||||b||||||||||spa||
050 _aRD 972.9 B651c
082 _aRD 972.9 B651c
100 _aBosch, Juan
245 _aDe Cristobal Colon a Fidel Castro: El caribe, frontera imperial / Juan Bosch
264 _aSanto Domingo : Alfa y Omega
300 _a740 p
650 _a1.Historia - Caribe (Antillas) 2.Historia - CubaÌ
942 _2ddc
_cBK
999 _c3887
_d3887